Một đề dẫn về lý thuyết nghệ thuật
Đây là cuốn sách định nghĩa về nghệ thuật, ý nghĩa và tầm quan trọng của nó, trong đó sách trình bày sự thông tuệ sâu sắc về triết học được dẫn lối bởi một cảm năng đương đại, đã tìm cách tiếp cận được những câu hỏi đặt ra bởi c...
محفوظ في:
| المؤلف الرئيسي: | |
|---|---|
| التنسيق: | كتاب |
| اللغة: | Undetermined |
| منشور في: |
Hà Nội
Tri Thức
2010
|
| الموضوعات: | |
| الوسوم: |
إضافة وسم
لا توجد وسوم, كن أول من يضع وسما على هذه التسجيلة!
|
| Thư viện lưu trữ: | Trung tâm Học liệu Trường Đại học Cần Thơ |
|---|
| LEADER | 01102nam a2200217Ia 4500 | ||
|---|---|---|---|
| 001 | CTU_160699 | ||
| 008 | 210402s9999 xx 000 0 und d | ||
| 020 | |c 64000 | ||
| 082 | |a 701 | ||
| 082 | |b F854 | ||
| 100 | |a Freeland, Cynthia | ||
| 245 | 0 | |a Một đề dẫn về lý thuyết nghệ thuật | |
| 245 | 0 | |c Cynthia Freeland ; Nguyễn Như Huy (dịch giả) | |
| 260 | |a Hà Nội | ||
| 260 | |b Tri Thức | ||
| 260 | |c 2010 | ||
| 520 | |a Đây là cuốn sách định nghĩa về nghệ thuật, ý nghĩa và tầm quan trọng của nó, trong đó sách trình bày sự thông tuệ sâu sắc về triết học được dẫn lối bởi một cảm năng đương đại, đã tìm cách tiếp cận được những câu hỏi đặt ra bởi các nghệ phẩm trong đời thực. | ||
| 650 | |a Aesthetics,Thẩm mỹ,Nghệ thuật,Philosophy,Art | ||
| 650 | |x Triết lý | ||
| 904 | |i Trân, Anhtho,QHieu | ||
| 980 | |a Trung tâm Học liệu Trường Đại học Cần Thơ | ||